000
00184nam a2200073Ia 4500
008
170524s9999 xx 000 0 und d
100
_a
VERMA- M.M
245
0
_a
MATERIALS MANAGEMENT
260
_b
new delhi : Sultan chand
999
_c
8368
_d
8368